Studi vari sulla restitutio in integrum

Zapisane w:
Opis bibliograficzny
1. autor: Cervenca, Giuliano (Autor)
Format: Książka
Język:włoski
Wydane: Milán Dott. A. Giuffrè 1965
Seria:Università degli Studi di Trieste, 1
Hasła przedmiotowe:
Etykiety: Dodaj etykietę
Nie ma etykietki, Dołącz pierwszą etykiete!

MARC

LEADER 00000nam a2200000 a 4500
001 UCR0949
003 CL-VaPUC
008 971205e19650000IT |||||||||||||||||ita|d
082 0 4 |a 340.54  |b CER  |2 21 
100 0 |a Cervenca, Giuliano  |e author  |9 397619 
245 1 0 |a Studi vari sulla restitutio in integrum 
300 |a 199 p 
942 |c BK 
945 |d 19971205 00:00:00  |a aolguin 
260 |a Milán  |b Dott. A. Giuffrè  |c 1965 
650 0 |a Derecho romano  |9 255930 
650 0 |a Jurisdicción  |9 255090 
650 0 |a Derecho pretorio  |9 397582 
650 7 |a SISTEMA JURIDICO  |2 CL-VaPUC  |9 397620 
650 0 |a Derecho justiniano  |9 397596 
583 |a last modification  |c 19971205 00:00:00  |k Rodrigo Vera 
490 0 |a Università degli Studi di Trieste, 1 
999 |c 264446  |d 264444 
952 |0 0  |1 0  |4 0  |6 340_540000000000000_CER_1965  |7 0  |8 DER_ROM  |9 294723  |a BIBDER  |b BIBDER  |d 2019-11-19  |i 190941K  |l 1  |o 340.54 CER 1965  |p 190941K  |r 2023-01-25  |s 2020-03-19  |w 2019-11-19  |x Ubicación 4to piso  |y BK  |z Este recurso debe solicitarse con anticipación  |k DER